MYLES TB. FOR MIDWIVES (Record no. 2195)
[ view plain ]
| 000 -LEADER | |
|---|---|
| fixed length control field | 00339nam a2200145Ia 4500 |
| 008 - FIXED-LENGTH DATA ELEMENTS--GENERAL INFORMATION | |
| fixed length control field | 150201s2009 xx 000 0 und d |
| 082 ## - DEWEY DECIMAL CLASSIFICATION NUMBER | |
| Classification number | 610.73678 |
| Item number | M09F |
| 100 ## - MAIN ENTRY--PERSONAL NAME | |
| Personal name | FRASER, DIANE M. |
| 245 ## - TITLE STATEMENT | |
| Title | MYLES TB. FOR MIDWIVES |
| 250 ## - EDITION STATEMENT | |
| Edition statement | 15TH |
| 260 ## - PUBLICATION, DISTRIBUTION, ETC. (IMPRINT) | |
| Name of publisher, distributor, etc. | ELSEVIER |
| Place of publication, distribution, etc. | INDIA |
| Date of publication, distribution, etc. | 2009 |
| 300 ## - PHYSICAL DESCRIPTION | |
| Extent | 1122 |
| 650 ## - SUBJECT ADDED ENTRY--TOPICAL TERM | |
| Topical term or geographic name as entry element | MIDWIVES |
| 942 ## - ADDED ENTRY ELEMENTS (KOHA) | |
| Source of classification or shelving scheme | Dewey Decimal Classification |
| Koha item type | Books |
| Withdrawn status | Lost status | Source of classification or shelving scheme | Damaged status | Not for loan | Collection code | Home library | Current library | Shelving location | Date acquired | Source of acquisition | Cost, normal purchase price | SGTU | Bill Number | Total Checkouts | Full call number | Barcode | Date last seen | Date last checked out | Bill Date | Koha item type |
|---|---|---|---|---|---|---|---|---|---|---|---|---|---|---|---|---|---|---|---|---|
| Dewey Decimal Classification | NURSING | SGT Medical Library | SGT Medical Library | Reference Book | 04/12/2014 | ABC DELHI | 11.49 | SGTU | 4559 | 5 | 610.73678 M09F | FN1504 | 14/02/2020 | 07/02/2020 | 04/12/2014 | Books | ||||
| Dewey Decimal Classification | NURSING | SGT Medical Library | SGT Medical Library | Reference Book | 04/12/2014 | ABC DELHI | 11.49 | SGTU | 4559 | 4 | 610.73678 M09F | FN1505 | 29/12/2020 | 22/12/2020 | 04/12/2014 | Books | ||||
| Dewey Decimal Classification | NURSING | SGT Medical Library | SGT Medical Library | Reference Book | 04/12/2014 | ABC DELHI | 11.49 | SGTU | 4559 | 2 | 610.73678 M09F | FN1506 | 07/01/2020 | 12/12/2019 | 04/12/2014 | Books |